MARC

LEADER 00000nam0a2200000 4500
001 32655
005 20231030205151.0
035 |a (RuTPU)RU\TPU\book\32954 
035 |a BOOK00000006 
090 |a 32655 
100 |a 20011210d1976 m y0rusy50 ca 
101 0 |a rus 
102 |a RU 
105 |a y j 001zy 
200 1 |a Элементы теории функций и функционального анализа  |e учебник для вузов  |f А. Н. Колмогоров, С. В. Фомин 
205 |a 4-е изд., перераб. 
210 |a Москва  |c Наука  |d 1976 
215 |a 543 с. 
320 |a Библиогр.: с. 529-530. 
320 |a Предм. указ.: с. 531-542. 
610 1 |a математика 
610 1 |a функции 
610 1 |a функциональный анализ 
610 1 |a множества 
610 1 |a пространства 
610 1 |a линейные операторы 
610 1 |a линейные функционалы 
610 1 |a интегралы 
610 1 |a интеграл Лебега 
610 1 |a тригонометрические ряды 
610 1 |a преобразование Лапласа 
610 1 |a теорема Фейера 
610 1 |a банаховы алгебры 
610 1 |a учебные пособия 
675 |a 517.5(075.8)  |v 3 
675 |a 517.948(075.8)  |v 3 
700 1 |a Колмогоров  |b А. Н.  |g Андрей Николаевич 
701 1 |a Фомин  |b С. В.  |g Сергей Васильевич 
801 0 |a RU  |b 63413507  |c 20011210  |g PSBO 
801 2 |a RU  |b 63413507  |c 20101110  |g PSBO 
942 |c BK